Steven Universe - Haven't You Noticed (I'm a Star) - Lyrics Quiz - Statistics

General Stats
  • This quiz has been taken 20 times
  • The average score is 126 of 140
Answer Stats
Singer Lyrics % Correct
a
100%
and
100%
And
100%
Can
100%
can
100%
can't
100%
heads,
100%
help
100%
hot
100%
Olivia Olson I
100%
if
100%
I'm
100%
in,
100%
it
100%
listen,
100%
make
100%
my
100%
of
100%
out
100%
pink
100%
scene
100%
Stepping
100%
talk,
100%
the
100%
they
100%
turning
100%
turning.
100%
When
100%
when
100%
blame
89%
burning.
89%
by
89%
Everybody
89%
famous.
89%
far?
89%
friend,
89%
got
89%
Haven't
89%
hypnotized
89%
is
89%
I've
89%
limousine.
89%
look,
89%
me?
89%
me
89%
name
89%
needs
89%
noticed
89%
Now,
89%
see
89%
So
89%
star?
89%
stopping
89%
that
89%
they're
89%
They're
89%
this
89%
too
89%
traffic,
89%
walking,
89%
way
89%
world
89%
you
89%
as
78%
coming
78%
even
78%
everyone
78%
eyes
78%
getting
78%
into
78%
lost
78%
made
78%
many,
78%
pair
78%
point,
78%
them
78%
them,
78%
view
78%
joke,
67%
laugh.
67%
magician,
67%
like
56%
pose,
56%
stage
56%
well,
56%
dazzled
44%
scream,
44%
No matching quizzes found
Score Distribution
Percent of People with Each Score
Percentile by Number Answered
Your Score History
You have not taken this quiz